In the Lena delta: A narrative of the search for Lieut.- Commander De Long and his companions followed by an account of the greely relief expedition and a proposed method of reaching the Noth Pole. With maps and illustrations
-д хадгалсан:
| Үндсэн зохиолч: | |
|---|---|
| Формат: | Ном |
| Хэл сонгох: | англи |
| Хэвлэсэн: |
Boston
Houghton, Mifflin and Company
1892
|
| Хэвлэл: | 1a. ed |
| Нөхцлүүд: | |
| Шошгууд: |
Шошго нэмэх
Шошго байхгүй, Энэхүү баримтыг шошголох эхний хүн болох!
|
MARC
| LEADER | 00000nam a2200000 a 4500 | ||
|---|---|---|---|
| 001 | UCJ5452 | ||
| 003 | CL-VaPUC | ||
| 008 | 070124e18920000uk |||||||||||||||||eng|d | ||
| 082 | 0 | 4 | |a 910.4 |b MEL |2 21 |
| 100 | |a Melville, George W. |e autor |9 510640 | ||
| 245 | 1 | 0 | |a In the Lena delta: A narrative of the search for Lieut.- Commander De Long and his companions followed by an account of the greely relief expedition and a proposed method of reaching the Noth Pole. With maps and illustrations |
| 250 | |a 1a. ed | ||
| 300 | |a xiii, 495 p | ||
| 942 | |c BK | ||
| 945 | |d 20070124 00:00:00 |a rinostro | ||
| 260 | |a Boston |b Houghton, Mifflin and Company |c 1892 | ||
| 500 | |a Front., retrato del autor. Ilustraciones y mapas conforme a lo señalado en índice | ||
| 600 | 0 | 7 | |a DE LONG, GEORGE W |2 CL-VaPUC |9 510641 |
| 650 | 0 | |a Viajes |9 257115 | |
| 650 | 0 | |a Expediciones científicas |9 265222 | |
| 650 | 7 | |a RESCATES |2 CL-VaPUC |9 505719 | |
| 650 | 7 | |a FAUNA |2 CL-VaPUC |9 349523 | |
| 650 | 7 | |a CAZA |2 CL-VaPUC |9 342895 | |
| 650 | 7 | |a ESQUIMALES |2 CL-VaPUC |9 441373 | |
| 650 | 0 | |a Mapas |9 260844 | |
| 650 | 0 | |a Ilustraciones |9 369481 | |
| 650 | 0 | |a Iconografía |9 267998 | |
| 650 | 7 | |a MARCA TIPOGRAFICA |2 CL-VaPUC |9 506100 | |
| 651 | 7 | |a REGION ARTICA |2 CL-VaPUC |9 366377 | |
| 651 | 7 | |a SIBERIA |2 CL-VaPUC |9 357887 | |
| 583 | |a last modification |c 20150511 05:24:26 |k Rodrigo Vera | ||
| 999 | |c 321561 |d 321559 | ||
| 952 | |0 0 |1 0 |4 0 |6 910_400000000000000_MEL_1892 |7 0 |8 X |9 400333 |a FDOBUD |b FDOBUD |d 2019-11-22 |i 1034901 |o 910.4 MEL 1892 |p 1034901 |r 2019-11-22 |w 2019-11-22 |y BK_X |k BUD | ||